000 00402nam a2200157 i 4500
001 bg
100 1 _aPRZEWŁOCKA, Hanna
245 0 _aĆwiczenia laboratoryjne /
_cH. Przewłocka, E. Piekutowska, B. Kubicka.
260 _aCzęstochowa,
_c1979.
700 1 _aPIEKUTOWSKA, E.
700 1 _aKUBICKA, B.
040 _cBPK
041 _apol
942 _cKS
008 s pl f |000 0 pol
999 _c18498
_d18498
856 _uhttp://koha.tu.koszalin.pl/cgi-bin/koha/opac-detail.pl?biblionumber=18498
_yKatalog online BPK